000 00424 a2200157 4500
001 166477
020 _a
040 _cMagnum
100 _aMello, Guiomar Namo de
240 1 0 _aCidadania e competitividade: desafios educacionais do terceiro milenio
_lpor
245 1 0 _aCidadania e competitividade: desafios educacionais do terceiro milenio
362 0 _a1899
440 1 _aCortez
697 _aPEDAGOGIA
942 _cBK
999 _c166477
_d166477